• 首页
  • 本馆介绍
  • 公告通知
  • 最新文献
  • 馆藏检索
  • 电子资源
  • 读者导购
  • 参考咨询
  • 我的图书馆
  • 登录
  • 详细信息显示
  • 放入我的书架
  • 预约/预借图书
  • 作者相关作品
  • 分类相关作品
  • 丛书相关作品
  • 出版社相关作品

书目信息

  • 表格格式
  • 工作单格式
  • 卡片格式
题名:
动画分镜头设计
    
 
作者: 张乐鉴 , 马胜 编著
分册:  
出版信息: 北京   清华大学出版社  2016.01
页数: 178页
开本: 25cm
丛书名:
单 册:
中图分类: J954.1
科图分类:
主题词: 动画片--教材--设计--高等教育--镜头(电影艺术镜头)
电子资源:
ISBN: 978-7-302-32325-9
000 01137nam0 2200253 450
001 727
005 20160908145507.96
010    @a978-7-302-32325-9@dCNY39.00
100    @a20130805d2016 em y0chiy50 ea
101 0  @achi
102    @aCN@b110000
105    @aa z 000yy
200 1  @a动画分镜头设计@9dong hua fen jing tou she ji@dAnimation story board design@zeng@f张乐鉴,马胜编著
210    @a北京@c清华大学出版社@d2016.01
215    @a178页@c图@d25cm
300    @a普通高等教育动画类专业“十二五”规划教材
330    @a本书首先介绍了影像化的工作方式、设计步骤,以及分镜头设计中空间、时间的建立方法;然后进一步详细讲解好莱坞镜头设计的6个核心模块——动作轴线、链式问答、转场方式、字母模式、视点以及开放与封闭式构图;最后通过案例将6个核心模块的组合、运用方式进行详细分析,着重列举并讲解了双人对话镜头、三人对话镜头以及多人对话镜头的设计方法。
510 1  @aAnimation story board design@zeng
606 0  @a动画片@j教材@x设计@x高等教育@x镜头(电影艺术镜头)
690    @aJ954.1@v5
701  0 @a张乐鉴@9zhang le jian@4编著
701  0 @a马胜@9ma sheng@4编著
801  0 @aCN@b唐山师范学院图书馆@c20160723
905    @aZUCC@dJ954.1@e291
    
    动画分镜头设计=Animation story board design/张乐鉴,马胜编著.-北京:清华大学出版社,2016.01
    178页:图;25cm
    普通高等教育动画类专业“十二五”规划教材
    
    ISBN 978-7-302-32325-9:CNY39.00
    本书首先介绍了影像化的工作方式、设计步骤,以及分镜头设计中空间、时间的建立方法;然后进一步详细讲解好莱坞镜头设计的6个核心模块——动作轴线、链式问答、转场方式、字母模式、视点以及开放与封闭式构图;最后通过案例将6个核心模块的组合、运用方式进行详细分析,着重列举并讲解了双人对话镜头、三人对话镜头以及多人对话镜头的设计方法。
●
相关链接 在E读中查询图书 在五车中查询图书 在当当中查询图书 在豆瓣中查询图书


正题名:动画分镜头设计     索取号:J954.1/291         预约/预借

序号 登录号 条形码 馆藏地/架位号 状态 备注
1 903174   209031741   第一样本阅览室/ [索取号:J954.1/291] 在馆    
2 903175   209031750   第一借阅区/ [索取号:J954.1/291] 在馆    
3 903176   209031769   第一借阅区/ [索取号:J954.1/291] 在馆    
4 903177   209031778   第一借阅区/ [索取号:J954.1/291] 在馆    
5 903178   209031787   第一借阅区/ [索取号:J954.1/291] 在馆    
唐山师范学院图书馆 欢迎您!
大连网信软件有限公司© 版权所有